Storage of agricultural durables and semiperishables / (Record no. 10088)
[ view plain ]
| 000 -LEADER | |
|---|---|
| fixed length control field | 00411cam a2200145ua 4500 |
| 003 - CONTROL NUMBER IDENTIFIER | |
| control field | OSt |
| 008 - FIXED-LENGTH DATA ELEMENTS--GENERAL INFORMATION | |
| fixed length control field | 240123b |||||||| |||| 00| 0 eng d |
| 041 ## - LANGUAGE CODE | |
| Language code of text/sound track or separate title | eng |
| 082 ## - DEWEY DECIMAL CLASSIFICATION NUMBER | |
| Classification number | 631.568 |
| Item number | KAC/ST |
| 100 ## - MAIN ENTRY--AUTHOR NAME | |
| Personal name | Kachra, R P . |
| 245 00 - TITLE STATEMENT | |
| Title | Storage of agricultural durables and semiperishables / |
| 260 ## - PUBLICATION, DISTRIBUTION, ETC. (IMPRINT) | |
| Place of publication | Bhopal : |
| Name of publisher | Central Institute of Agricultural Engineering , |
| Year of publication | 1985. |
| 300 ## - PHYSICAL DESCRIPTION | |
| Number of Pages | 179 ; . |
| 942 ## - ADDED ENTRY ELEMENTS (KOHA) | |
| Koha item type | Books |
| Withdrawn status | Lost status | Damaged status | Home library | Current library | Shelving location | Date acquired | Full call number | Accession Number | Koha item type |
|---|---|---|---|---|---|---|---|---|---|
| KAUAET | KAUAET | General Stacks | 07/04/2012 | 631.568 | 16705 | Books |
